Meta-analysis : quantitative methods for research synthesis
Αποθηκεύτηκε σε:
| Κύριος συγγραφέας: | |
|---|---|
| Μορφή: | Βιβλίο |
| Γλώσσα: | English |
| Δημοσίευση: |
Newbury Park :
Sage Publications,
c1986
|
| Σειρά: | Sage university papers series. Quantitative applications in the social sciences ;
; 59 |
| Θέματα: | |
| Ετικέτες: |
Προσθήκη ετικέτας
Δεν υπάρχουν, Καταχωρήστε ετικέτα πρώτοι!
|
MARC
| LEADER | 00000nam a2200000 i 4500 | ||
|---|---|---|---|
| 001 | 1/15906 | ||
| 008 | 980717s1986 eng d | ||
| 020 | |a 0-8039-2756-8 | ||
| 035 | |l 10020006 | ||
| 040 | |a GR-MY-UA |b |e aacr | ||
| 041 | 0 | |a eng | |
| 082 | 0 | |a 300.72 | |
| 100 | 1 | |a Wolf, Fredric Marc. | |
| 245 | 1 | 0 | |a Meta-analysis : |b quantitative methods for research synthesis / |c Fredrich M. Wolf |
| 260 | |a Newbury Park : |b Sage Publications, |c c1986 | ||
| 300 | |a 65 p. | ||
| 490 | 1 | |a Sage University papers series. Quantitative applications in the social sciences |v ; 59 | |
| 504 | |a Bibliography: p.57-64 | ||
| 650 | 0 | 0 | |a Social sciences |x Research |x Evaluation. |
| 650 | 0 | 0 | |a Meta-analysis. |
| 830 | 0 | |a Sage university papers series. Quantitative applications in the social sciences ; |v ; 59 | |
| 852 | |a INST |b LESVOS |e 19980717 |h 300.72 WOL |p 005100013232 |q 005100013232 |t BK |y 0 | ||
| 852 | |a INST |b LESVOS |e 19981014 |h 300.72 WOL |p 005100018442 |q 005100018442 |t BK |y 0 | ||
| 901 | |a BIBL-1998-3 | ||
| 909 | |a Λ |b 058483 | ||
| 909 | |a Λ |b 059665 | ||
| 922 | |a 1ΕΛΗ |b 199807 |c ΚΠΣ/ΤΠ |d ΠΑΠΑΣΩΤΗΡΙΟΥ | ||
| 922 | |a 1ΕΛΗ |b 199809 |c ΚΠΣ/ΤΓ |d ΠΑΠΑΣΩΤΗΡΙΟΥ | ||
| 950 | |a 107-1998-04-06 | ||
| 950 | |a 118-1998-07-23 | ||